Kybernetické riziká a ich poistiteľnosť

Kybernetické riziko vyplýva z používania a prenosu elektronických údajov. Zahŕňa fyzické škody, spôsobené kybernetickými útokmi, poškodenie, alebo stratu údajov a ich finančné následky, podvody, spáchané zneužitím údajov a akúkoľvek vzniknutú zodpovednosť z neudržania dostupnosti, integrity, či dôve...

Descripción completa

Guardado en:
Detalles Bibliográficos
Autor principal: Krátka, Zuzana, 1968-
Formato: Capítulo de libro
Lenguaje:eslovaco
Materias:
Etiquetas: Agregar Etiqueta
Sin Etiquetas, Sea el primero en etiquetar este registro!

MARC

LEADER 00000naa$a2200000$$$4500
001 0289169
005 20240502074428.6
041 0 |a slo 
044 |a SK 
245 1 0 |a Kybernetické riziká a ich poistiteľnosť  |c Zuzana Krátka 
520 |a Kybernetické riziko vyplýva z používania a prenosu elektronických údajov. Zahŕňa fyzické škody, spôsobené kybernetickými útokmi, poškodenie, alebo stratu údajov a ich finančné následky, podvody, spáchané zneužitím údajov a akúkoľvek vzniknutú zodpovednosť z neudržania dostupnosti, integrity, či dôvernosti elektronicky uložených informácií. Kybernetické poistenie je značne dôležité pre úspech digitalizácie ekonomiky. V súčasnosti výraznejšie rastie dopyt po kybernetickom poistení, než ponúkaná kapacita. 
610 2 0 |a riziko 
610 2 0 |a riziko bezpečnostné 
610 2 0 |a digitalizácia 
610 2 0 |a poistenie rizikové 
610 2 0 |a poistenie 
610 2 0 |a poistenie kybernetických rizík 
100 1 |a Krátka, Zuzana, 1968-